000 00781nam a2200229Ia 4500
003 OSt
005 20241014115045.0
008 210716s1978 xx 000 0 und d
020 _a0883771241
040 _cAIMIT LIBRARY
041 _aeng
082 _a407
_21
_bRICJ
100 _aRichards, Jack C.
_9182237
245 _aUnderstanding second and foreign language learning :
_bissues and approaches /
_cEdited by Jack C Richards.
250 _a1st ed.
260 _bNew bury house publishing inc ,
_c1978.
_aRowley :
300 _a273p. ;
_bPB
_c22.5 cm
650 _aThe phonology of interlanguage
_9182238
650 _aModels of language use and language learning
_9182239
650 _aThe nature of language teaching programs
_9182240
942 _2ddc
_cBK
_e1st
_k407 RICJ
999 _c200897
_d200897